[Event "Januariturneringen"]
[Site "?"]
[Date "2004.01.02"]
[Round "1"]
[White "Eckeskog, Patrik"]
[Black "Persson, Per"]
[Result "0-1"]
[WhiteElo "1887"]
[BlackElo "2014"]
[PlyCount "62"]
[EventDate "2004.??.??"]

1. e4 e5 2. Nf3 Nc6 3. d4 exd4 4. Nxd4 Qh4 5. Be2 Qxe4 6. Nxc6 dxc6 7. O-O Bd6
8. Bf3 Qh4 9. g3 Qf6 10. Nc3 Bf5 11. Re1+ Ne7 12. Be3 h5 13. Bd4 Qg6 14. Ne4
Bxe4 15. Bxe4 f5 16. Bg2 h4 17. Qd3 hxg3 18. hxg3 O-O-O 19. Qc3 f4 20. Bxa7
fxg3 21. fxg3 b6 22. b4 Qh6 23. Re3 Bxb4 24. Qb3 Bc5 25. Rae1 Qh2+ 26. Kf1
Rhf8+ 27. Bf3 Nd5 28. c3 Nxe3+ 29. Rxe3 Rxf3+ 30. Rxf3 Qh1+ 31. Ke2 Re8+ 0-1

[Event "Januariturneringen"]
[Site "?"]
[Date "2004.01.02"]
[Round "1"]
[White "Prokopic, Novak"]
[Black "Wahlström, Arne"]
[Result "0-1"]
[WhiteElo "1521"]
[BlackElo "2026"]
[PlyCount "102"]
[EventDate "2004.??.??"]

1. c4 Nf6 2. d4 g6 3. a3 Bg7 4. b4 O-O 5. Bb2 d5 6. e3 c6 7. Nd2 Re8 8. Ngf3
Bf5 9. h3 Ne4 10. g4 Nxd2 11. Qxd2 Be4 12. Bg2 dxc4 13. Nh4 Bxg2 14. Nxg2 Qd5
15. Rg1 Nd7 16. Nf4 Qd6 17. Qe2 b5 18. Qf3 e5 19. dxe5 Nxe5 20. Qe2 Rad8 21.
Rd1 Qxd1+ 22. Qxd1 Rxd1+ 23. Kxd1 Nf3 24. Bxg7 Nxg1 25. Bd4 Nf3 26. Bf6 Ne5 27.
g5 Nd7 28. Bd4 Ra8 29. Bc3 Nb6 30. Ne2 Nd5 31. Be1 Rd8 32. Kc2 Rd6 33. Ng3 Re6
34. Bd2 f5 35. gxf6 Nxf6 36. Bc3 Ne4 37. Nxe4 Rxe4 38. Bf6 Kf7 39. Bg5 Ke6 40.
f3 Kf5 41. h4 Re8 42. e4+ Ke5 43. Be3 Rf8 44. Bxa7 Rxf3 45. Kb2 Kxe4 46. Bc5
Kd3 47. Be7 c3+ 48. Kb1 Rf1+ 49. Ka2 c2 50. Bg5 c1=Q 51. Bxc1 Rxc1 0-1

[Event "Januariturneringen"]
[Site "?"]
[Date "2004.01.02"]
[Round "1"]
[White "Hjorth, Gunnar"]
[Black "Malmdin, Nils-Åke"]
[Result "1/2-1/2"]
[WhiteElo "2213"]
[BlackElo "2246"]
[PlyCount "58"]
[EventDate "2004.??.??"]

1. d4 Nf6 2. Nf3 g6 3. Nc3 Bg7 4. e4 d6 5. Be3 c6 6. Qd2 Nbd7 7. h3 O-O 8. Bd3
Qa5 9. O-O Re8 10. a4 e5 11. dxe5 dxe5 12. Nd5 Qxd2 13. Nxf6+ Nxf6 14. Nxd2 Be6
15. g4 h5 16. f3 Nh7 17. Bc4 hxg4 18. hxg4 Nf8 19. Rfd1 Red8 20. Bb3 b6 21. Kf2
Rd7 22. Nc4 Rad8 23. Ke2 Rxd1 24. Rxd1 Rxd1 25. Kxd1 Nd7 26. a5 b5 27. Nb6 Nxb6
28. Bxe6 fxe6 29. axb6 axb6 1/2-1/2

[Event "Januariturneringen"]
[Site "?"]
[Date "2004.01.02"]
[Round "1"]
[White "Nilsson, Dennis"]
[Black "Ögren, Jim"]
[Result "1-0"]
[WhiteElo "2027"]
[BlackElo "1705"]
[PlyCount "47"]
[EventDate "2004.??.??"]

1. e4 c5 2. d4 cxd4 3. c3 dxc3 4. Nxc3 Nc6 5. Nf3 d6 6. Bc4 e6 7. O-O Nf6 8.
Qe2 Be7 9. Rd1 Qa5 10. Bg5 O-O 11. a3 a6 12. b4 Qc7 13. Rac1 Bd7 14. Bb3 Rac8
15. Nd5 Nxd5 16. exd5 Qd8 17. Bxe7 Nxe7 18. dxe6 fxe6 19. Bxe6+ Bxe6 20. Qxe6+
Kh8 21. Ng5 Rxc1 22. Rxc1 h6 23. Nf7+ Rxf7 24. Qxf7 1-0

[Event "Januariturneringen"]
[Site "?"]
[Date "2004.01.03"]
[Round "2"]
[White "Persson, Per"]
[Black "Malmdin, Nils-Åke"]
[Result "1/2-1/2"]
[WhiteElo "2014"]
[BlackElo "2246"]
[PlyCount "65"]
[EventDate "2004.??.??"]

1. e4 d6 2. d4 Nf6 3. f3 g6 4. c4 Bg7 5. Nc3 c6 6. Be3 a6 7. Bd3 b5 8. Nge2
Nbd7 9. O-O O-O 10. a3 e5 11. Qd2 Nb6 12. cxb5 cxb5 13. d5 Nfd7 14. b4 Bb7 15.
a4 Nc4 16. Bxc4 bxc4 17. a5 f5 18. exf5 gxf5 19. f4 Qe8 20. Rac1 Rc8 21. Na4
Qf7 22. Nec3 Qh5 23. Rf3 Rf6 24. Rcf1 Qf7 25. Rd1 Rg6 26. Qf2 Rf8 27. Rg3 Nf6
28. Rxg6 hxg6 29. h3 Bxd5 30. Nb6 Be6 31. Rxd6 Ne8 32. Rd1 exf4 33. Bd4 1/2-1/2

[Event "Januariturneringen"]
[Site "?"]
[Date "2004.01.03"]
[Round "2"]
[White "Wahlström, Arne"]
[Black "Hjorth, Gunnar"]
[Result "1-0"]
[WhiteElo "2026"]
[BlackElo "2213"]
[PlyCount "81"]
[EventDate "2004.??.??"]

1. d4 Nf6 2. c4 g6 3. Nc3 d5 4. cxd5 Nxd5 5. Bg5 h6 6. Bh4 Bg7 7. Nf3 c5 8. Qb3
Nxc3 9. bxc3 cxd4 10. Rd1 Nc6 11. e3 d3 12. Bxd3 Qa5 13. Rc1 g5 14. Bg3 O-O 15.
O-O e5 16. Bc4 Qc5 17. Bd5 Na5 18. Qd1 Bg4 19. c4 Rad8 20. Qa4 Rfe8 21. Nd2 Bf5
22. e4 Bd7 23. Qc2 b6 24. Qd3 Ba4 25. Qf3 Qe7 26. Qh5 Nc6 27. Nf3 Nd4 28. Nxd4
exd4 29. f4 d3 30. fxg5 Rxd5 31. cxd5 d2 32. Rc7 Qxg5 33. Qxf7+ Kh8 34. Bf4 Qg4
35. Bxd2 Rxe4 36. Qf8+ Kh7 37. Rxg7+ Qxg7 38. Rf7 Rg4 39. Rxg7+ Rxg7 40. Bc3
Rd7 41. Qf5+ 1-0

[Event "Januariturneringen"]
[Site "?"]
[Date "2004.01.03"]
[Round "2"]
[White "Eckeskog, Patrik"]
[Black "Nilsson, Dennis"]
[Result "1/2-1/2"]
[WhiteElo "1887"]
[BlackElo "2027"]
[PlyCount "110"]
[EventDate "2004.??.??"]

1. e4 d5 2. exd5 Nf6 3. d4 Nxd5 4. c4 Nf6 5. Nf3 Bg4 6. Be2 e6 7. O-O Bd6 8.
Nbd2 Nbd7 9. a3 c6 10. Re1 O-O 11. Nf1 Qc7 12. b4 Rad8 13. Qb3 e5 14. c5 Be7
15. Bc4 Bxf3 16. Qxf3 e4 17. Qg3 Qxg3 18. Nxg3 Rfe8 19. Nf5 Bf8 20. Bf4 Nd5 21.
Bxd5 cxd5 22. b5 g6 23. Nd6 Bxd6 24. Bxd6 Nf8 25. a4 Ne6 26. Rad1 f5 27. Be5
Nxc5 28. Bc7 Nd3 29. Bxd8 Nxe1 30. Rxe1 Rxd8 31. Rc1 Rd7 32. a5 Kf7 33. Kf1 Ke6
34. Rc8 Kd6 35. Ra8 b6 36. a6 Rc7 37. Ke2 Rf7 38. g3 g5 39. Rg8 f4 40. Rxg5 f3+
41. Ke3 Rc7 42. Rh5 Rc3+ 43. Kd2 Rd3+ 44. Kc2 Rxd4 45. Rxh7 Rc4+ 46. Kd2 Rc7
47. Rxc7 Kxc7 48. h4 Kd7 49. h5 Ke7 50. Ke3 Kf7 51. g4 Kg7 52. g5 Kh7 53. Kf4
Kg7 54. Ke3 Kh7 55. Kd4 Kg7 1/2-1/2

[Event "Januariturneringen"]
[Site "?"]
[Date "2004.01.03"]
[Round "2"]
[White "Ögren, Jim"]
[Black "Prokopic, Novak"]
[Result "0-1"]
[WhiteElo "1705"]
[BlackElo "1521"]
[PlyCount "96"]
[EventDate "2004.??.??"]

1. d4 d5 2. Nf3 e6 3. e3 a6 4. Bd3 Nd7 5. O-O c5 6. b3 Ngf6 7. Bb2 Bd6 8. Nbd2
h6 9. Ne5 Qc7 10. f4 b5 11. c4 cxd4 12. exd4 dxc4 13. bxc4 bxc4 14. Ndxc4 Be7
15. Rf3 Bb7 16. Rg3 O-O 17. Rc1 Bd5 18. Qe2 Nb6 19. Ne3 Qb7 20. N3g4 Kh8 21.
Nxf6 Bxf6 22. Ng4 Nd7 23. Rh3 Rg8 24. Rc2 Qb6 25. Qe3 Rab8 26. Nxf6 Nxf6 27.
Qe2 a5 28. g4 Qb7 29. g5 Nh7 30. Kf1 f5 31. gxh6 gxh6 32. Qe5+ Qg7 33. Qxg7+
Rxg7 34. Rd2 Rbg8 35. Ke2 Rg2+ 36. Kd1 Rxd2+ 37. Kxd2 Rg6 38. Bc3 Rg2+ 39. Ke3
Rxa2 40. Rxh6 Kg7 41. Rh3 Nf6 42. Be2 a4 43. Rg3+ Kf7 44. Rg1 Ne4 45. Ba1 a3
46. h4 Rc2 47. h5 Rc8 48. h6 Rh8 0-1

[Event "Januariturneringen"]
[Site "?"]
[Date "2004.01.03"]
[Round "3"]
[White "Nilsson, Dennis"]
[Black "Persson, Per"]
[Result "1-0"]
[WhiteElo "2027"]
[BlackElo "2014"]
[PlyCount "53"]
[EventDate "2004.??.??"]

1. e4 e5 2. Nf3 Nc6 3. d4 exd4 4. Nxd4 Qf6 5. Be3 Bc5 6. c3 Nge7 7. Nc2 Bxe3 8.
Nxe3 d6 9. Nd2 O-O 10. Be2 Be6 11. O-O Rad8 12. f4 Qh6 13. g4 Ne5 14. Ng2 d5
15. h4 Bxg4 16. fxe5 dxe4 17. Bxg4 Rxd2 18. Qe1 Qb6+ 19. Kh1 Qxb2 20. Qxe4 Ng6
21. e6 Nxh4 22. exf7+ Kh8 23. Qe7 Ng6 24. Qe4 Nh4 25. Bh3 Nxg2 26. Bxg2 Qxc3
27. Qe7 1-0

[Event "Januariturneringen"]
[Site "?"]
[Date "2004.01.03"]
[Round "3"]
[White "Prokopic, Novak"]
[Black "Eckeskog, Patrik"]
[Result "0-1"]
[WhiteElo "1521"]
[BlackElo "1887"]
[PlyCount "100"]
[EventDate "2004.??.??"]

1. c4 Nf6 2. Nf3 c6 3. d4 c5 4. a3 b5 5. e3 e6 6. cxb5 d5 7. dxc5 Bxc5 8. b4
Bd6 9. Bb2 Nbd7 10. Bd3 e5 11. Be2 Bb7 12. h3 Rc8 13. Qa4 O-O 14. Nbd2 Nb6 15.
Qb3 Qe7 16. O-O Nc4 17. Nxc4 dxc4 18. Bxc4 Bxf3 19. gxf3 Nh5 20. Kh2 Qh4 21.
Qd3 Rfd8 22. Bxf7+ Kxf7 23. Qf5+ Nf6 24. Bxe5 Bxe5+ 25. Qxe5 Rd5 26. Qg3 Qxg3+
27. fxg3 Rd2+ 28. Kg1 Rcc2 29. Rfc1 Rg2+ 30. Kh1 Rh2+ 31. Kg1 Rcg2+ 32. Kf1 Nd5
33. Re1 Nc3 34. g4 Rf2+ 35. Kg1 Ne2+ 36. Rxe2 Rxe2 37. e4 Reg2+ 38. Kf1 Rh1+
39. Kxg2 Rxa1 40. h4 Rxa3 41. Kg3 Rb3 42. Kf4 h6 43. h5 Rxb4 44. Kf5 Rxb5+ 45.
e5 a5 46. f4 a4 47. Ke4 Rb4+ 48. Kd5 a3 49. g5 Rxf4 50. gxh6 a2 0-1

[Event "Januariturneringen"]
[Site "?"]
[Date "2004.01.03"]
[Round "3"]
[White "Hjorth, Gunnar"]
[Black "Ögren, Jim"]
[Result "1-0"]
[WhiteElo "2213"]
[BlackElo "1705"]
[PlyCount "45"]
[EventDate "2004.??.??"]

1. e4 c5 2. Nf3 e6 3. b3 Nc6 4. Bb2 d6 5. d4 cxd4 6. Nxd4 Nf6 7. Nc3 Be7 8. g3
O-O 9. Bg2 a6 10. Nxc6 bxc6 11. e5 Nd5 12. exd6 Qxd6 13. O-O Rd8 14. Qe2 a5 15.
Ne4 Qc7 16. c4 Nb6 17. f4 a4 18. Kh1 Bb7 19. Be5 Qc8 20. Qg4 Bf8 21. Nf6+ Kh8
22. Qh5 h6 23. Qxf7 1-0

[Event "Januariturneringen"]
[Site "?"]
[Date "2004.01.03"]
[Round "3"]
[White "Malmdin, Nils-Åke"]
[Black "Wahlström, Arne"]
[Result "1/2-1/2"]
[WhiteElo "2246"]
[BlackElo "2026"]
[PlyCount "88"]
[EventDate "2004.??.??"]

1. e4 e6 2. d3 c5 3. g3 Nc6 4. Bg2 g6 5. Nf3 Bg7 6. O-O Nge7 7. Re1 d6 8. c3
O-O 9. Be3 Qa5 10. Nbd2 e5 11. Nc4 Qc7 12. Qd2 b6 13. Rac1 Ba6 14. h4 Rad8 15.
Bh6 f6 16. Bxg7 Kxg7 17. Ne3 Bc8 18. d4 Qd7 19. b4 exd4 20. cxd4 Nxb4 21. d5
Rde8 22. a3 Na6 23. Qb2 Nc7 24. g4 Ng8 25. Nh2 Qe7 26. f4 Kh8 27. g5 Qg7 28.
Nc4 Rd8 29. Qd2 Ba6 30. gxf6 Nxf6 31. e5 dxe5 32. Rxe5 Bxc4 33. Rxc4 Nce8 34.
Qe3 Nd6 35. Rc1 Nf5 36. Qf2 Nd7 37. Re4 Rfe8 38. Rce1 Rxe4 39. Bxe4 Nf6 40. Bg2
Qf7 41. Nf3 Nxd5 42. Ng5 Qf6 43. Re6 Qa1+ 44. Re1 Qf6 1/2-1/2

[Event "Januariturneringen"]
[Site "?"]
[Date "2004.01.04"]
[Round "4"]
[White "Nilsson, Dennis"]
[Black "Prokopic, Novak"]
[Result "1-0"]
[WhiteElo "2027"]
[BlackElo "1521"]
[PlyCount "45"]
[EventDate "2004.??.??"]

1. e4 c5 2. d4 e6 3. Nf3 a6 4. Bd3 b5 5. c3 Bb7 6. O-O Nf6 7. Qe2 Qc7 8. Bg5
Be7 9. Nbd2 h6 10. Bh4 Nh5 11. Bg3 Nxg3 12. fxg3 g5 13. Ne5 d6 14. Nxf7 Rh7 15.
Qh5 Kd7 16. e5 Rg7 17. exd6 Bxd6 18. Qxh6 Rg8 19. Nxg5 Re8 20. Rf7+ Re7 21.
Qxe6+ Kd8 22. Rf8+ Re8 23. Rxe8# 1-0

[Event "Januariturneringen"]
[Site "?"]
[Date "2004.01.04"]
[Round "4"]
[White "Persson, Per"]
[Black "Wahlström, Arne"]
[Result "0-1"]
[WhiteElo "2014"]
[BlackElo "2026"]
[PlyCount "64"]
[EventDate "2004.??.??"]

1. c4 c5 2. Nf3 Nf6 3. Nc3 g6 4. d4 cxd4 5. Nxd4 Bg7 6. e4 d6 7. Be2 O-O 8. Be3
Nc6 9. Nc2 Be6 10. O-O Qa5 11. Qd2 Rfc8 12. f3 Ne5 13. Na3 Nxc4 14. Nxc4 Bxc4
15. Bxc4 Rxc4 16. Qd3 Rac8 17. Rad1 b5 18. a3 b4 19. axb4 Qxb4 20. Bxa7 Qxb2
21. Nd5 Nxd5 22. Qxd5 Rc2 23. Bf2 Rb8 24. Qg5 Bf6 25. Qe3 Rb3 26. Qa7 Kg7 27.
e5 dxe5 28. Qa8 Rd2 29. Rc1 Rxf2 30. Rc8 Rxg2+ 31. Kh1 Rxh2+ 32. Kg1 Qg2# 0-1

[Event "Januariturneringen"]
[Site "?"]
[Date "2004.01.04"]
[Round "4"]
[White "Eckeskog, Patrik"]
[Black "Hjorth, Gunnar"]
[Result "0-1"]
[WhiteElo "1887"]
[BlackElo "2213"]
[PlyCount "60"]
[EventDate "2004.??.??"]

1. e4 d6 2. d4 Nf6 3. Nc3 g6 4. f4 Bg7 5. Nf3 O-O 6. Be2 c5 7. Be3 b6 8. h3 Bb7
9. e5 Nh5 10. g4 cxd4 11. Qxd4 Ng3 12. Rg1 Nxe2 13. Kxe2 Nc6 14. Qd5 Rb8 15.
Qb3 dxe5 16. Rad1 Nd4+ 17. Nxd4 exd4 18. Nb5 Ba6 19. c4 Bxb5 20. Qxb5 Qd6 21.
Rd3 Qe6 22. f5 Qe4 23. f6 Bxf6 24. g5 Bg7 25. Rg4 Qe6 26. Rdxd4 Bxd4 27. Rxd4
Rbd8 28. Rh4 Qd6 29. Qb3 Qh2+ 30. Bf2 Rd2+ 0-1

[Event "Januariturneringen"]
[Site "?"]
[Date "2004.01.04"]
[Round "4"]
[White "Ögren, Jim"]
[Black "Malmdin, Nils-Åke"]
[Result "0-1"]
[WhiteElo "1705"]
[BlackElo "2246"]
[PlyCount "104"]
[EventDate "2004.??.??"]

1. d4 Nf6 2. Nf3 e6 3. e3 b6 4. Bd3 Bb7 5. O-O c5 6. b3 Be7 7. Bb2 d6 8. c4 O-O
9. Nc3 Nbd7 10. d5 exd5 11. cxd5 a6 12. a4 Re8 13. h3 Bf8 14. Re1 g6 15. e4 Bg7
16. Qc2 Nh5 17. Ne2 Ne5 18. Nxe5 dxe5 19. Rad1 Qd6 20. Bc1 Bc8 21. Rf1 Bd7 22.
f4 exf4 23. Bxf4 Nxf4 24. Rxf4 Be5 25. Rf3 b5 26. axb5 axb5 27. Rc1 Rec8 28.
Qd2 Kg7 29. Rcf1 f6 30. Rc1 Ra3 31. Bc2 b4 32. Bd1 Rca8 33. Qe3 R8a5 34. Kh1
Ra1 35. g4 Bb5 36. Rf1 Rxc1 37. Qxc1 Ra2 38. Qe3 g5 39. Rf2 Ra1 40. Qd2 Qa6 41.
Kg2 Ra2 42. Qe1 Qd6 43. Qg1 Ra1 44. Qe1 c4 45. Qd2 c3 46. Qc2 Qb6 47. Nc1 Qe3
48. Ne2 Qd2 49. Qxd2 cxd2 50. Rf1 Kf7 51. Kf2 Ke7 52. Kg2 Kd6 0-1

[Event "Januariturneringen"]
[Site "?"]
[Date "2004.01.04"]
[Round "5"]
[White "Wahlström, Arne"]
[Black "Ögren, Jim"]
[Result "1-0"]
[WhiteElo "2026"]
[BlackElo "1705"]
[PlyCount "31"]
[EventDate "2004.??.??"]

1. d4 d5 2. Nf3 Nf6 3. c4 e6 4. Nc3 Be7 5. Bg5 O-O 6. e3 h6 7. Bh4 b6 8. cxd5
exd5 9. Rc1 Bb7 10. Bd3 Nbd7 11. O-O g5 12. Bg3 Ne4 13. Bxc7 Qe8 14. Bb5 a6 15.
Ba4 b5 16. Bb3 1-0

[Event "Januariturneringen"]
[Site "?"]
[Date "2004.01.04"]
[Round "5"]
[White "Prokopic, Novak"]
[Black "Persson, Per"]
[Result "0-1"]
[WhiteElo "1521"]
[BlackElo "2014"]
[PlyCount "114"]
[EventDate "2004.??.??"]

1. c4 Nf6 2. Nf3 g6 3. d4 Bg7 4. Bd2 O-O 5. Bc3 d5 6. e3 Ne4 7. h3 Bf5 8. g4
Be6 9. Qc2 c6 10. Nbd2 Nxc3 11. Qxc3 h6 12. Bd3 Na6 13. c5 Nc7 14. a4 Ne8 15.
Nh4 Bd7 16. Qc2 e5 17. Ng2 exd4 18. O-O dxe3 19. Nxe3 Nc7 20. Nf3 Ne6 21. Ng2
Qf6 22. Nfe1 Qd4 23. Rd1 Qxc5 24. Qxc5 Nxc5 25. b4 Nxa4 26. Bc2 Nc3 27. Rd2
Rfe8 28. Nd3 Ne4 29. Re2 Bd4 30. Ne3 Ng3 31. fxg3 Rxe3 32. Rxe3 Bxe3+ 33. Kg2
Re8 34. Re1 Bd4 35. Rxe8+ Bxe8 36. Kf3 Kf8 37. Nf4 Ke7 38. Ke2 Be5 39. Kd3 Bxf4
40. gxf4 Kd6 41. Kd4 b6 42. Bb3 c5+ 43. bxc5+ bxc5+ 44. Ke3 c4 45. Bc2 Kc5 46.
f5 gxf5 47. Bxf5 d4+ 48. Kd2 a5 49. h4 f6 50. Kc2 a4 51. Kb2 Kb4 52. Be6 a3+
53. Kc2 d3+ 54. Kb1 d2 55. Bxc4 d1=Q+ 56. Ka2 Qc2+ 57. Ka1 Qb2# 0-1

[Event "Januariturneringen"]
[Site "?"]
[Date "2004.01.04"]
[Round "5"]
[White "Hjorth, Gunnar"]
[Black "Nilsson, Dennis"]
[Result "1/2-1/2"]
[WhiteElo "2213"]
[BlackElo "2027"]
[PlyCount "51"]
[EventDate "2004.??.??"]

1. d4 Nf6 2. c4 g6 3. g3 Bg7 4. Bg2 O-O 5. Nc3 d6 6. Nf3 c6 7. O-O Nbd7 8. e4
e5 9. h3 Qe7 10. Re1 b6 11. b3 Bb7 12. Ba3 c5 13. dxe5 Nxe5 14. Nxe5 dxe5 15.
Bb2 Rfd8 16. Nd5 Qd6 17. Qd2 Kh8 18. Qc3 Bxd5 19. exd5 Nd7 20. b4 Rf8 21. Re2
Rae8 22. Rae1 Rg8 23. Qc1 f5 24. Qa1 h5 25. Qc1 Kh7 26. Qd1 1/2-1/2

[Event "Januariturneringen"]
[Site "?"]
[Date "2004.01.04"]
[Round "5"]
[White "Malmdin, Nils-Åke"]
[Black "Eckeskog, Patrik"]
[Result "1/2-1/2"]
[WhiteElo "2246"]
[BlackElo "1887"]
[PlyCount "84"]
[EventDate "2004.??.??"]

1. e4 e6 2. d4 d5 3. e5 c5 4. Qg4 cxd4 5. Nf3 Nc6 6. Bd3 h6 7. O-O Bd7 8. a3
Qb6 9. b4 a6 10. Nbd2 h5 11. Qg3 Nh6 12. Nb3 g6 13. Re1 Nf5 14. Bxf5 gxf5 15.
Bg5 Ne7 16. Nfxd4 Ng6 17. Qe3 Qc7 18. Rac1 Be7 19. Nd2 b5 20. N2b3 Rg8 21. Bxe7
Nxe7 22. Nc5 Rg6 23. c3 Nc8 24. Qf3 Nb6 25. Qxh5 O-O-O 26. Nxa6 Qa7 27. Nc5
Rdg8 28. g3 Be8 29. Qe2 Nc4 30. Ra1 f4 31. a4 fxg3 32. fxg3 bxa4 33. Qc2 Qe7
34. Rxa4 Bxa4 35. Qxa4 Rxg3+ 36. hxg3 Rxg3+ 37. Kf2 Rg2+ 38. Kxg2 Qg5+ 39. Kf2
Qh4+ 40. Kg2 Qg4+ 41. Kh2 Qh4+ 42. Kg2 Qg4+ 1/2-1/2

[Event "Januariturneringen"]
[Site "?"]
[Date "2004.01.05"]
[Round "6"]
[White "Persson, Per"]
[Black "Ögren, Jim"]
[Result "1-0"]
[WhiteElo "2014"]
[BlackElo "1705"]
[PlyCount "45"]
[EventDate "2004.??.??"]

1. e4 c5 2. Nf3 e6 3. d4 cxd4 4. Nxd4 Nf6 5. Nc3 d6 6. g4 h6 7. Rg1 a6 8. h4 h5
9. gxh5 Nxh5 10. Bg5 Be7 11. Qd2 b5 12. O-O-O Bb7 13. Bd3 Nf6 14. Rde1 Nbd7 15.
Nb3 Ne5 16. Qe2 b4 17. Nd1 a5 18. Bb5+ Kf8 19. f4 Nc6 20. Ba4 Qb6 21. e5 Ba6
22. Qg2 Bb7 23. Bxf6 1-0

[Event "Januariturneringen"]
[Site "?"]
[Date "2004.01.05"]
[Round "6"]
[White "Nilsson, Dennis"]
[Black "Malmdin, Nils-Åke"]
[Result "0-1"]
[WhiteElo "2027"]
[BlackElo "2246"]
[PlyCount "34"]
[EventDate "2004.??.??"]

1. e4 d5 2. exd5 Nf6 3. d4 Bg4 4. Nf3 Qxd5 5. Be2 Nc6 6. O-O O-O-O 7. c3 e6 8.
Be3 Qh5 9. Qc2 Bd6 10. h3 Bxh3 11. gxh3 Qxh3 12. Qc1 g5 13. Re1 Ng4 14. Nbd2
Bh2+ 15. Kh1 Bf4+ 16. Kg1 Bxe3 17. fxe3 Qg3+ 0-1

[Event "Januariturneringen"]
[Site "?"]
[Date "2004.01.05"]
[Round "6"]
[White "Eckeskog, Patrik"]
[Black "Wahlström, Arne"]
[Result "1-0"]
[WhiteElo "1887"]
[BlackElo "2026"]
[PlyCount "79"]
[EventDate "2004.??.??"]

1. f4 d5 2. Nf3 Bg4 3. e3 Nf6 4. b3 e6 5. Bb2 Nbd7 6. Be2 Bd6 7. Ne5 Bxe2 8.
Qxe2 O-O 9. O-O Qe7 10. a3 Ne8 11. d3 f6 12. Nxd7 Qxd7 13. Nd2 c6 14. Kh1 Nc7
15. e4 Rae8 16. e5 Be7 17. d4 f5 18. Nf3 Rc8 19. c3 Qe8 20. Rad1 Qh5 21. Qe3
Na8 22. c4 Nb6 23. c5 Nd7 24. Bc1 Kh8 25. Rd3 Rg8 26. Ng5 Bxg5 27. fxg5 Qf7 28.
Qh3 g6 29. g4 Nf8 30. Qg2 Rc7 31. h4 Qe8 32. Rh3 Rgg7 33. Qe2 Kg8 34. Rf2 Kf7
35. h5 Ke7 36. gxf5 exf5 37. h6 Rg8 38. e6 Kd8 39. Bf4 Qxe6 40. Re3 1-0

[Event "Januariturneringen"]
[Site "?"]
[Date "2004.01.05"]
[Round "6"]
[White "Prokopic, Novak"]
[Black "Hjorth, Gunnar"]
[Result "0-1"]
[WhiteElo "1521"]
[BlackElo "2213"]
[PlyCount "66"]
[EventDate "2004.??.??"]

1. c4 Nf6 2. d4 g6 3. b4 e6 4. a3 a5 5. b5 b6 6. Bb2 d6 7. e3 Bb7 8. Nf3 Nbd7
9. Nbd2 Qe7 10. Qc2 Bg7 11. Bd3 O-O 12. O-O Rfc8 13. a4 Qd8 14. h3 c6 15. Ng5
cxb5 16. axb5 Nd5 17. Ba3 Qxg5 18. Ne4 Nxe3 19. Nxg5 Nxc2 20. Bxc2 d5 21. Nf3
dxc4 22. Rad1 Bxf3 23. gxf3 Nf6 24. Bd6 Ra7 25. Ba4 Nd5 26. Be5 Nc3 27. Ra1 f6
28. Bf4 Ne2+ 29. Kg2 Nxf4+ 30. Kg3 Ne2+ 31. Kg4 f5+ 32. Kg5 h6+ 33. Kh4 Bf6#
0-1

[Event "Januariturneringen"]
[Site "?"]
[Date "2004.01.05"]
[Round "7"]
[White "Malmdin, Nils-Åke"]
[Black "Prokopic, Novak"]
[Result "1-0"]
[WhiteElo "1521"]
[BlackElo "2246"]
[PlyCount "55"]
[EventDate "2004.??.??"]

1. e4 c5 2. Nf3 a6 3. d4 e6 4. c4 cxd4 5. Nxd4 Bc5 6. Nb3 Be7 7. Nc3 Nc6 8. Be3
Bb4 9. Rc1 Nf6 10. Bd3 Bxc3+ 11. Rxc3 Ne5 12. O-O Nxd3 13. Qxd3 Qc7 14. Bc5 b6
15. Bd6 Qc6 16. f3 h5 17. e5 Ng8 18. Nd4 Qb7 19. Qe3 Qa7 20. a4 Bb7 21. b4 Rc8
22. Qg5 g6 23. f4 b5 24. c5 bxa4 25. f5 Be4 26. fxg6 Bxg6 27. Qxg6 Nh6 28. Qf6
1-0

[Event "Januariturneringen"]
[Site "?"]
[Date "2004.01.05"]
[Round "7"]
[White "Ögren, Jim"]
[Black "Eckeskog, Patrik"]
[Result "0-1"]
[WhiteElo "1705"]
[BlackElo "1887"]
[PlyCount "110"]
[EventDate "2004.??.??"]

1. d4 c6 2. Nf3 Nf6 3. c4 d5 4. Qb3 dxc4 5. Qxc4 Be6 6. Qc2 Na6 7. g3 Bd5 8.
Bg2 Nb4 9. Qa4 e6 10. a3 b5 11. Qd1 Na2 12. Bd2 Ne4 13. b3 Nxd2 14. Qxd2 Bxb3
15. Rxa2 Bxa2 16. Qxa2 Qd5 17. Qb2 Be7 18. O-O Qd6 19. Ne5 Rc8 20. Rc1 O-O 21.
Nxc6 Bf6 22. e3 a6 23. Nd2 Kh8 24. Nb4 Rxc1+ 25. Qxc1 a5 26. Qc6 Be7 27. Ne4
Qxc6 28. Nxc6 Bxa3 29. Nxa5 Rc8 30. Nb3 Rc2 31. Bf1 Rb2 32. Nec5 Rb1 33. Kg2 b4
34. Bc4 g6 35. h4 Rb2 36. Bd3 Kg7 37. Kf3 Ra2 38. Na6 h5 39. e4 Bb2 40. Nxb4
Ra3 41. Bc2 Bxd4 42. Nd3 Bb6 43. Ke2 Ra2 44. Nb4 Ra4 45. Nd3 Rxe4+ 46. Kf3 Rc4
47. Bd1 Rc3 48. Nbc1 e5 49. Ke4 Bd4 50. Ne2 f5+ 51. Kd5 Rxd3 52. Nxd4 Rxd4+ 53.
Kxe5 Rxd1 54. Kf4 Rd3 55. Kg5 Rf3 0-1

[Event "Januariturneringen"]
[Site "?"]
[Date "2004.01.05"]
[Round "7"]
[White "Hjorth, Gunnar"]
[Black "Persson, Per"]
[Result "1-0"]
[WhiteElo "2213"]
[BlackElo "2014"]
[PlyCount "101"]
[EventDate "2004.??.??"]

1. d4 Nf6 2. Nf3 g6 3. Nc3 d5 4. Bf4 c6 5. e3 Bg7 6. Be2 O-O 7. Ne5 Nbd7 8. h4
h5 9. Nxd7 Bxd7 10. Be5 Ng4 11. Bxg4 Bxg4 12. f3 Bxe5 13. fxg4 Bg3+ 14. Kf1 e5
15. gxh5 e4 16. Rh3 Qf6+ 17. Kg1 Qf2+ 18. Kh1 Bxh4 19. Qe2 Qxe2 20. Nxe2 Be7
21. Rf1 Bd6 22. Rf6 Be7 23. Rf4 Bd6 24. Rg4 Kg7 25. Nf4 Bxf4 26. Rxf4 Rh8 27.
h6+ Rxh6 28. Rxh6 Kxh6 29. Rxf7 Rb8 30. Kh2 a5 31. Kg3 Kg5 32. c4 dxc4 33. Re7
b5 34. Re5+ Kf6 35. Kf4 Rh8 36. Rc5 Rh4+ 37. Kg3 Rh5 38. Rxc6+ Kf7 39. a4 bxa4
40. Rxc4 Rg5+ 41. Kf4 Rxg2 42. Rxa4 g5+ 43. Kxe4 Rxb2 44. Rxa5 Kf6 45. Ra6+ Kf7
46. Kf5 Re2 47. Ra7+ Ke8 48. e4 g4 49. Rg7 Rf2+ 50. Ke6 Rg2 51. Rg8# 1-0

[Event "Januariturneringen"]
[Site "?"]
[Date "2004.01.05"]
[Round "7"]
[White "Wahlström, Arne"]
[Black "Nilsson, Dennis"]
[Result "1/2-1/2"]
[WhiteElo "2026"]
[BlackElo "2027"]
[PlyCount "109"]
[EventDate "2004.??.??"]

1. d4 Nf6 2. c4 g6 3. Nc3 Bg7 4. e4 d6 5. Nf3 O-O 6. Be2 e5 7. d5 h6 8. O-O Nh7
9. Ne1 f5 10. exf5 Bxf5 11. f3 g5 12. Nd3 Nd7 13. Nf2 Ndf6 14. Bd3 Qd7 15. g4
Bxd3 16. Qxd3 Rf7 17. h3 Kh8 18. Kg2 Raf8 19. Nfe4 Nxe4 20. Nxe4 Nf6 21. Nxf6
Rxf6 22. Qe4 a6 23. Be3 Kg8 24. b3 Qf7 25. Rac1 b6 26. b4 Qd7 27. c5 bxc5 28.
bxc5 Qb5 29. Qc4 Qxc4 30. Rxc4 Rb8 31. c6 Rb5 32. Rd1 Rf8 33. Rd2 Rfb8 34. Kf2
Bf6 35. Ke2 Ra5 36. a4 Kf7 37. Rd3 Rb2+ 38. Bd2 Ra2 39. Rb4 Bd8 40. Rb8 Ke7 41.
Rb4 R5xa4 42. Rxa4 Rxa4 43. h4 Ke8 44. h5 Kf7 45. Rb3 e4 46. Rb8 exf3+ 47. Kxf3
Be7 48. Rc8 Rd4 49. Be3 Rxd5 50. Rxc7 Rd3 51. Ra7 d5 52. Ke2 Rc3 53. c7 Ke8 54.
Ra8+ Kd7 55. Rxa6 1/2-1/2